00441nam a2200133Ia 4500082001700000100002200017245006800039260006000107300001500167504003300182650002200215650002200237650004800259 a378.02 PAN-; aPanchamukhi, P.R. 0aEconomics of university finances: basic principles and practice aDharwadbCentre for Multi-Disciplinary Developmenc1977 axvi, 245p. aIncludes index, bibliography aEducation - India aEconomics - India aUniversities and colleges - Finance - India